000 nam a22 7a 4500
999 _c10007
_d10007
008 180209b ||||| |||| 00| 0 eng d
100 _aKheterpal,S.C.etal.
_96046
245 _aNew Course Chemistry
260 _aNew Delhi
_bPradeep
_c2012